| 000 | 00409nam a2200169Ia 4500 | ||
|---|---|---|---|
| 008 | 230711s9999||||xx |||||||||||||| ||und|| | ||
| 020 | _a978-81-121-92128-2 | ||
| 041 | _aENG | ||
| 082 |
_a624 _bSH-I |
||
| 100 | _aSharma.R.K | ||
| 245 | 0 | _aIrrigation engineering | |
| 250 | _a1st Ed. | ||
| 260 |
_c2002 _aNew Delhi _bS.Chand Publishing |
||
| 650 | _aCivil Engineering | ||
| 700 | _aSharma,T.K | ||
| 942 | _cBK | ||
| 999 |
_c4281 _d4281 |
||